| 000 | 01536nam a2200361Ia 4500 | ||
|---|---|---|---|
| 001 | ebr10483794 | ||
| 003 | CaPaEBR | ||
| 006 | m u | ||
| 007 | cr cn||||||||| | ||
| 008 | 061121s2007 ne a sb 001 0 eng d | ||
| 010 | _z 2007280467 | ||
| 020 | _z9789004151512 | ||
| 020 | _z9004151516 | ||
| 040 |
_aCaPaEBR _cCaPaEBR |
||
| 035 | _a(OCoLC)741613239 | ||
| 050 | 1 | 4 |
_aQL599.64.S34 _bB75 2007eb |
| 100 | 1 | _aBrinck-Lindroth, Gunvor. | |
| 245 | 1 | 4 |
_aThe fleas (Siphonaptera) of Fennoscandia and Denmark _h[electronic resource] / _cby Gunvor Brinck-Lindroth and Frans G.A.M. Smit. |
| 246 | 3 | _aFleas of Fennoscandia and Denmark | |
| 260 |
_aLeiden ; _aBoston : _bBrill, _c2007. |
||
| 300 |
_a185 p. : _bill. (some col.). |
||
| 490 | 1 |
_aFauna entomologica Scandinavica, _x0106-8377 ; _vv. 41 |
|
| 500 | _aMap on front endpapers. | ||
| 504 | _aIncludes bibliographical references (p. 163-175), host-flea index, and taxonomic index. | ||
| 533 |
_aElectronic reproduction. _bPalo Alto, Calif. : _cebrary, _d2013. _nAvailable via World Wide Web. _nAccess may be limited to ebrary affiliated libraries. |
||
| 650 | 0 |
_aFleas _zScandinavia. |
|
| 650 | 0 |
_aInsects _zScandinavia. |
|
| 655 | 7 |
_aElectronic books. _2local |
|
| 700 | 1 |
_aSmit, F. G. A. M. _q(Franciscus Gerardus Albertus Maria), _d1920-2000. |
|
| 710 | 2 | _aebrary, Inc. | |
| 830 | 0 |
_aFauna entomologica Scandinavica ; _vv. 41. |
|
| 856 | 4 | 0 |
_uhttp://site.ebrary.com/lib/rucke/Doc?id=10483794 _zAn electronic book accessible through the World Wide Web; click to view |
| 999 |
_c223647 _d223647 |
||